000 00271nam a22001097a 4500
008 160422b xxu||||| |||| 00| 0 eng d
020 _a9780803627789
041 _aeng
080 _a618.2
245 _aBasic nursing:
_cLeslie S. Treas; Judith M.Wilkinson;
942 _2udc
_cBK
999 _c1506
_d1506